| 000 | 01075nam a22003137a 4500 | ||
|---|---|---|---|
| 003 | CHAP | ||
| 005 | 20220329135009.0 | ||
| 008 | 971013s1978 r 00010 d | ||
| 010 | _a29265 | ||
| 011 | _a30237 | ||
| 035 | _a34349 | ||
| 040 | _cCHAP | ||
| 082 |
_a631.8 _bM32 1978 |
||
| 100 | 0 | 0 |
_aMcVickar, Malcolm H. _973762 |
| 245 |
_aUsing commercial fertilizers _b: commercial fertilizers and crop production |
||
| 250 | _a4 ed. | ||
| 260 |
_aDanville, Ill. : _bInterstate, _c1978 |
||
| 300 |
_a363 p. _b: ilus. ; mapas |
||
| 590 |
_aBATCH-UPD _b10 _c20130110 _lUCH01 _h1713 |
||
| 590 |
_aCONVERSION _b10 _c20130109 _lUCH01 _h1317 |
||
| 650 | 1 | 4 |
_aFertilizantes. _940447 |
| 700 | 0 |
_aWalker, William M. _9120902 |
|
| 901 | _aBK | ||
| 942 | _cLIBRO | ||
| 949 |
_a631.8 M32 1978 _bBC _cLIBRO _d33724000171633 _eLIBRO _h48944 _i34349 _si |
||
| 949 |
_a631.8 M32 1978 _bBC _cLIBRO _d33724000171658 _eLIBRO _fc.3 _h51967 _i34349 _si |
||
| 949 |
_a631.8 M32 1978 _bBC _cLIBRO _d33724000171666 _eLIBRO _fc.2 _h51966 _i34349 _si |
||
| 949 |
_a631.8 M32 _bS _cLIBRO _d-145748 _eLIBRO _h3019 _i34349 _si |
||
| 999 |
_c29265 _d29265 |
||